Представление документа в формате RUSMARC

ПолеНазваниеЗначение
  Тип записи a
  Библиографический уровень m
001 Контрольный номер 92abecfb95204a15b0750a1033de96d0
005 Дата корректировки 20240410121208.3
010 Индекс ISBN __
d Цена 1840-54
100 Данные общей обработки __
a Данные общей обработки 20220601d2020 d y0rusy028902 ca
101 Язык документа 0_
a Язык текста rus
102 Страна публикации __
a Страна публикации RU
105 Кодированные данные (монография) __
a Кодированные данные (монография) y z 000ay
181 Поле кодированных данных: вид содержания _0
a Код вида содержания (ISBD) i
182 Поле кодированных данных: тип средства _0
a Код типа средства (ISBD) n
200 Заглавие и сведения об ответственности 1_
a Заглавие Кн. 2
203 Вид содержания и тип средства __
a Вид содержания Текст
c Тип средства непосредственный
210 Выходные данные 1_
d Дата издания 2020
215 Физическое описание __
a Объем 149 с.
333 Примечание о целевом назначении __
a Примечание о целевом назначении 6+. Для детей старше шести лет
461 Уровень набора _0
1 700 1
a Чарская
b Л. А.
g Лидия Алексеевна
f 1875-1937
1 2001
a Волшебная сказка
e [повесть : в 2 книгах]
f Лидия Чарская
v Кн. 2
1 2101
a Москва
c Чинар
d 2020
1 001209aa48edccd47e69e6096e95569052f
1 203
a Текст
c непосредственный
1 2252
a Круг чтения
e издание для слабовидящих
606 Тематические рубрики __
2 Код системы nlr_sh
a Основная рубрика Художественная литература
606 Тематические рубрики __
2 Код системы nlr_sh
a Основная рубрика Русская литература XIX в. (произведения)
606 Тематические рубрики __
2 Код системы nlr_sh
a Основная рубрика Русская литература XX в. (произведения)
610 Ключевые слова 0_
a Ключевые слова детская литература
610 Ключевые слова 0_
a Ключевые слова детская проза
610 Ключевые слова 0_
a Ключевые слова повести
610 Ключевые слова 0_
a Ключевые слова тема богатых
610 Ключевые слова 0_
a Ключевые слова тема бедности
610 Ключевые слова 0_
a Ключевые слова тема взаимоотношений
610 Ключевые слова 0_
a Ключевые слова тема взросления
610 Ключевые слова 0_
a Ключевые слова тема девочек
610 Ключевые слова 0_
a Ключевые слова тема переживаний
610 Ключевые слова 0_
a Ключевые слова тема семьи
610 Ключевые слова 0_
a Ключевые слова чтение для слабовидящих
610 Ключевые слова 0_
a Ключевые слова книги для незрячих
686 Индексы других классификаций __
2 Код системы rubbks
a Классификационный индекс ст84(2=411.2)1-4
801 Источник записи _0
a Страна RU
b Организация Муниципальное бюджетное учреждение культуры "Централизованная библиотечная система" г. Сургут (Центральная городская библиотека им. А. С. Пушкина)
c Дата составления 20220601
g Правила каталогизации PSBO
801 Источник записи _1
a Страна RU
b Организация Муниципальное бюджетное учреждение культуры "Централизованная библиотечная система" г. Сургут (Центральная городская библиотека им. А. С. Пушкина)
c Дата составления 20220601
g Правила каталогизации PSBO
852 Данные о местонахождении __
i Авторский знак Ч-22
j Шифр хранения ст84(2=411.2)1-4
900 Макрообъекты __
a Макрообъекты Волшебная сказка, Кн. 2. 2020
901 Тип документа __
t Тип документа n
w Контрольный № источника 209aa48edccd47e69e6096e95569052f
a Ответственный ООФиК/Волкова
903 Характеристики (МАРС) __
c Наименование библиотеки (МАРС) Муниципальное бюджетное учреждение культуры "Централизованная библиотечная система" г. Сургут (Центральная городская библиотека им. А. С. Пушкина)
a Дата передачи 20220601
969 Тип издания __
a Тип издания спецформат
a Тип издания издание для слепых
a Тип издания издание для детей
a Тип издания крупношрифтовое издание
990 Данные о заказе (DOS) __
j Количество экземпляров (DOS) 1
t N записи в КСУ для И/У (DOS) 202206